[Event "Asian Nation Cup Open 2018"]
[Site "Hamedan"]
[Date "2018.08.02"]
[Round "6"]
[White "Gnaam, Koteba"]
[Black "Ismagambetov, Anuar"]
[Result "0-1"]
[WhiteElo "2075"]
[BlackElo "2529"]
[Annotator "TA"]
[PlyCount "138"]
[EventDate "2018.07.27"]
[EventType "swiss"]
[EventCountry "IRI"]
[SourceTitle "playchess.com"]
[Source "ChessBase"]
[SourceQuality "1"]
[WhiteTeam "Syria"]
[BlackTeam "Kazakhstan"]
[WhiteTeamCountry "SYR"]
[BlackTeamCountry "KAZ"]

{[%evp 22,138,34,30,37,25,56,0,0,0,47,33,39,0,66,35,46,35,49,46,50,0,29,25,20,39,25,6,25,8,16,0,7,0,5,5,10,8,8,0,0,0,0,0,0,0,0,0,0,0,0,0,0,0,0,0,7,-45,-45,-27,-41,-106,-106,-100,-107,-149,-149,-149,-149,-149,-149,-149,-149,-149,-149,-149,-127,-149,-149,-149,-149,-180,-149,-172,-149,-149,-149,-177,-149,-149,0,-178,-149,-216,-149,-172,-149,-142,-125,-218,-232,-277,-271,-230,-177,-191,-204,-834,-831,-1806,-1465,-2128,-2126,-2029,-1992,-1787,-1734,-2598,-2511]} 1. e4 c5 2. Nf3 Nc6 3. d4 cxd4 4. Nxd4 e6 5. Nc3 Qc7 6. Be2 Nf6 7. Be3 Be7 8. O-O O-O 9. Qd2 a6 10. a4 d6 11. Nb3 Bd7 {B83: Sicilian Scheveningen: 6 Be2, lines without ...a6} (11... b6 12. f4 Bb7 13. Bf3 Rfe8 14. Qf2 Nd7 15. Rad1 Rab8 16. e5 dxe5 17. f5 exf5 18. Nd5 Qc8 19. Bxb6 Bf8 20. Be2 Ne7 21. Nxe7+ Rxe7 {0-1 (37) Morshedi,A (2266)-So,W (2762) Las Vegas 2014}) 12. f4 {LiveBook: 5 Games} Rac8 13. Bf3 Rfe8 $146 {White has an edge.} ({Predecessor:} 13... Nb4 14. Qf2 Bc6 15. Bb6 Qd7 16. Rfd1 Qe8 17. a5 d5 18. e5 Ne4 19. Bxe4 dxe4 {1-0 (55) Sarapu,O (2290)-Anderson,B (2385) Auckland 1977}) 14. Kh1 (14. g4 $14) 14... Nb4 $11 15. a5 Bc6 16. Nd4 Bd7 17. Nb3 Bf8 ({Black should play} 17... Bc6 $11) 18. Rad1 Bc6 19. Bb6 Qb8 20. Nd4 Bd7 21. e5 Nfd5 22. Nxd5 Nxd5 23. Bxd5 exd5 24. Nf3 dxe5 25. fxe5 Be6 26. Bd4 h6 27. b4 Qc7 28. c3 Qd7 29. Qf4 Bf5 30. Ne1 {[%cal Bf3e1,Be1d3,Bd3f2,Bf2g4,Bg4e3][%mdl 32]} Be4 31. Nd3 Rc6 32. Nf2 Bh7 33. Ng4 Rg6 $40 {[%mdl 128] Black attacks.} 34. Ne3 Rg5 35. Rf2 Qe6 36. Rdf1 {[%cal Rf4f7]} Bd3 37. Rd1 Bg6 38. Rdf1 Be7 39. Kg1 (39. Qf3 $11) 39... Bd8 $15 40. Qf3 $1 Bd3 41. Rd1 ({White should try} 41. Nxd5 $15 Bxf1 42. Rxf1) 41... Be4 $17 42. Qe2 Bc7 43. Qd2 Bxe5 44. Bxe5 Qxe5 45. Nf1 Rc8 46. Rc1 Rg6 47. Ng3 Rgc6 {[%cal Rc6c3]} 48. Ne2 Qg5 49. Qxg5 hxg5 50. Rd1 f6 {[%cal Bf7f6,Bf6f5][%mdl 32]} 51. Rd2 Kh7 52. Rf1 Kg6 53. Re1 f5 54. Rb2 Rf6 55. Rc1 Rfc6 56. Re1 $1 Kh7 57. Rd2 (57. h3 $17 {was worth a try.}) 57... R6c7 58. Kf2 Kh6 59. Rh1 g6 60. Re1 (60. h3 $17 {was necessary.}) 60... g4 $19 {[%cal Bg5g4,Bg4h3][%mdl 32]} 61. Red1 Kg5 62. Kg1 Rh7 63. g3 Bf3 {[#] Strongly threatening ...Rch8.} 64. Re1 $2 (64. Rc1) 64... Re7 {Black is clearly winning.} 65. h4+ gxh3 66. Kf2 Rxe2+ 67. Rdxe2 Bxe2 68. Rxe2 Rxc3 69. Rd2 Rc1 {Precision: White = 46%, Black = 61%.} 0-1

[Event "Asian Nation Cup Open 2018"]
[Site "Hamedan"]
[Date "2018.08.03"]
[Round "7"]
[White "Sasikiran, Krishnan"]
[Black "Javanbakht, Nima"]
[Result "1-0"]
[WhiteElo "2666"]
[BlackElo "2439"]
[Annotator "TA"]
[PlyCount "79"]
[EventDate "2018.07.27"]
[EventType "swiss"]
[EventCountry "IRI"]
[SourceTitle "playchess.com"]
[Source "ChessBase"]
[SourceQuality "1"]
[WhiteTeam "India"]
[BlackTeam "Iran"]
[WhiteTeamCountry "IND"]
[BlackTeamCountry "IRI"]

{[%evp 23,79,16,16,18,35,-38,-36,-30,-33,-43,81,79,79,52,106,29,24,18,39,47,130,143,311,303,358,141,148,147,135,130,134,122,187,154,191,187,452,445,469,469,485,477,477,477,471,472,447,441,594,455,760,747,1482,1447,29975,29976,29976,29977]} 1. e4 c5 2. Nf3 Nc6 3. Nc3 e5 4. Bc4 Be7 5. d3 d6 6. O-O Nf6 7. Ng5 O-O 8. f4 Bg4 {B30: Sicilian: 2...Nc6 3 Bb5, lines without ...g6} 9. Qe1 exf4 10. Bxf4 Nd4 11. Qd2 h6 12. Nf3 Nxf3+ {LiveBook: 39 Games} 13. gxf3 Bh3 {[#]} 14. Kh1 $146 ({White should play} 14. Rfd1 $14) ({Predecessor:} 14. Rfe1 Nh5 15. Kh1 Nxf4 16. Qxf4 {½-½ (55) Harikrishna,P (2709)-Radjabov,T (2723) Rhodes 2013}) 14... Bxf1 $15 15. Rxf1 Kh7 16. Qg2 a6 (16... Ne8 $15 {keeps the upper hand.}) 17. Rg1 $1 $16 {[%csl Gg1][%cal Rg2g7][%mdl 1024] White has strong compensation.} Ne8 18. Qh3 Bf6 ({Black should try} 18... Rb8 $14) 19. Nd5 (19. Qh5 $1 $16) 19... b5 $1 $11 {[%cal Rb5c4]} 20. Bb3 Ra7 ({Don't play} 20... Bxb2 $6 21. c3 $16) 21. c3 Be5 (21... Rg8 $1 $14) 22. Be3 $1 $16 {Strongly threatening d4.} Qd7 $2 (22... Nc7 $16) 23. Qh5 $18 Rh8 {Black wants to play ...Nf6.} 24. f4 $2 (24. d4 $18 {is the precise move to win.}) 24... Nf6 $16 25. Qf3 $36 {[%mdl 2048] Keeping Black busy.} Nxd5 26. Bxd5 Bf6 {[#]} 27. d4 $1 {[%cal Rd4c5]} cxd4 (27... g6 $16 {keeps fighting.}) 28. cxd4 $18 {[%cal Bc3d4,Bd4e5,Be5f6,Bf6g7][%mdl 32]} Rd8 29. e5 dxe5 $2 (29... Qe7 30. exf6 Qxf6) 30. Be4+ Kg8 31. dxe5 Be7 32. Qg2 {[%csl Gg1][%cal Rg2g7]} Bf8 {[#]} 33. f5 $1 Rc7 34. Bxh6 $1 f6 35. exf6 Qd1 36. Be3 Qd6 (36... Rf7 $142 37. Bc2 (37. Rxd1 Rxd1+ 38. Bg1 Bc5 $18) 37... Qd5 38. Qxd5 Rxd5 39. fxg7 Bxg7) 37. Bg5 Rf7 38. fxg7 Be7 {[#]} 39. f6 $1 Bxf6 {[#]} 40. Bh7+ $1 {[%mdl 512] Precision: White = 63%, Black = 27%.} 1-0

[Event "Asian Nation Cup Open 2018"]
[Site "Hamedan"]
[Date "2018.08.03"]
[Round "7"]
[White "Gupta, Abhijeet"]
[Black "Gholami Orimi, Mahdi"]
[Result "1/2-1/2"]
[WhiteElo "2614"]
[BlackElo "2333"]
[Annotator "ChessBase"]
[PlyCount "102"]
[EventDate "2018.07.27"]
[EventType "swiss"]
[EventCountry "IRI"]
[SourceTitle "playchess.com"]
[Source "ChessBase"]
[SourceQuality "1"]
[WhiteTeam "India"]
[BlackTeam "Iran"]
[WhiteTeamCountry "IND"]
[BlackTeamCountry "IRI"]
[TimeControl "40/5400+30:1800+30"]

1. d4 {[%emt 0:00:00]} Nf6 {[%emt 0:00:00]} 2. c4 {[%emt 0:00:02]} e6 {[%emt 0:00:00]} 3. Nf3 {[%emt 0:00:05]} d5 {[%emt 0:00:00]} 4. g3 {[%emt 0:00:05]} dxc4 {[%emt 0:00:20]} 5. Bg2 {[%emt 0:00:05]} c5 {[%emt 0:00:07]} 6. O-O {[%emt 0:00:23]} Nc6 {[%emt 0:00:23]} 7. Ne5 {[%emt 0:03:03]} Nd5 {[%emt 0:23:45]} 8. Nxc6 {[%emt 0:09:09]} bxc6 {[%emt 0:00:53]} 9. Na3 {[%emt 0:00:45]} Be7 {[%emt 0:17:55]} 10. dxc5 {[%emt 0:02:32]} Bxc5 {[%emt 0:02:23]} 11. Nxc4 {[%emt 0:01:45]} Ba6 {[%emt 0:01:33]} 12. Ne5 {[%emt 0:02:16]} O-O {[%emt 0:00:20]} 13. Qc2 {[%emt 0:01:04]} Bb6 {[%emt 0:03:18]} 14. Nc4 {[%emt 0:02:56]} Rb8 {[%emt 0:08:42]} 15. Nxb6 {[%emt 0:03:39]} Qxb6 {[%emt 0:00:45]} 16. b3 {[%emt 0:00:47]} c5 {[%emt 0:01:04]} 17. Rd1 {[%emt 0:00:46]} c4 {[%emt 0:03:58]} 18. Bxd5 {[%emt 0:00:18]} exd5 {[%emt 0:00:07]} 19. Be3 {[%emt 0:00:05]} cxb3 {[%emt 0:07:29]} 20. axb3 {[%emt 0:00:05]} Qe6 {[%emt 0:00:25]} 21. Qa2 {[%emt 0:01:13]} Bb5 {[%emt 0:00:16]} 22. Rd2 {[%emt 0:06:46]} a6 {[%emt 0:01:25]} 23. Rad1 {[%emt 0:00:38]} Rfd8 {[%emt 0:02:52]} 24. Rd4 {[%emt 0:02:35]} Rd7 {[%emt 0:00:37]} 25. Rc1 {[%emt 0:00:34]} Rdd8 {[%emt 0:08:10]} 26. Rcd1 {[%emt 0:01:04]} Rd7 {[%emt 0:01:36]} 27. Qc2 {[%emt 0:05:02]} h6 {[%emt 0:01:43]} 28. Kg2 {[%emt 0:00:22]} Rdb7 {[%emt 0:00:48]} 29. h3 {[%emt 0:00:46]} Bd7 {[%emt 0:01:11]} 30. Rg4 {[%emt 0:03:16]} Qe8 {[%emt 0:03:12]} 31. Rf4 {[%emt 0:02:13]} Rxb3 {[%emt 0:00:21]} 32. Bd4 {[%emt 0:00:12]} Qc8 {[%emt 0:00:16]} 33. Qd2 {[%emt 0:05:35]} Bxh3+ {[%emt 0:00:56]} 34. Kh2 {[%emt 0:00:04]} Bf5 {[%emt 0:03:06]} 35. Ba1 {[%emt 0:07:09]} Qe6 {[%emt 0:01:35]} 36. Qd4 {[%emt 0:12:18]} f6 {[%emt 0:03:02]} 37. Qxd5 {[%emt 0:00:39]} Qxd5 {[%emt 0:00:26]} 38. Rxd5 {[%emt 0:00:04]} Be6 {[%emt 0:00:40]} 39. Ra5 {[%emt 0:00:58]} R8b6 {[%emt 0:00:34]} 40. Rd4 {[%emt 0:02:25]} R3b5 {[%emt 0:01:09]} 41. Ra3 {[%emt 0:30:46]} Rh5+ {[%emt 0:30:42]} 42. Kg2 {[%emt 0:00:08]} Bh3+ {[%emt 0:01:05]} 43. Kf3 {[%emt 0:00:05]} Rf5+ {[%emt 0:00:18]} 44. Rf4 {[%emt 0:00:08]} Rxf4+ {[%emt 0:00:44]} 45. Kxf4 {[%emt 0:00:43]} Bd7 {[%emt 0:00:55]} 46. e4 {[%emt 0:00:18]} Kf7 {[%emt 0:00:35]} 47. Ke3 {[%emt 0:00:13]} h5 {[%emt 0:00:00]} 48. Bd4 {[%emt 0:00:00]} Re6 {[%emt 0:00:00]} 49. f4 {[%emt 0:00:00]} Bb5 {[%emt 0:00:00]} 50. Rc3 {[%emt 0:00:00]} Rc6 {[%emt 0:00:00]} 51. f5 {[%emt 0:00:00]} Rxc3+ {[%emt 0:00:00]} 1/2-1/2

[Event "Asian Nation Cup Open 2018"]
[Site "Hamedan"]
[Date "2018.08.03"]
[Round "7"]
[White "Wen, Yang"]
[Black "Ismagambetov, Anuar"]
[Result "1/2-1/2"]
[WhiteElo "2599"]
[BlackElo "2529"]
[Annotator "ChessBase"]
[PlyCount "32"]
[EventDate "2018.07.27"]
[EventType "swiss"]
[EventCountry "IRI"]
[SourceTitle "playchess.com"]
[Source "ChessBase"]
[SourceQuality "1"]
[WhiteTeam "China"]
[BlackTeam "Kazakhstan"]
[WhiteTeamCountry "CHN"]
[BlackTeamCountry "KAZ"]
[TimeControl "40/5400+30:1800+30"]

1. e4 c5 {[%emt 0:00:02]} 2. Nf3 {[%emt 0:00:00]} Nc6 {[%emt 0:00:06]} 3. d4 {[%emt 0:00:00]} cxd4 {[%emt 0:00:23]} 4. Nxd4 {[%emt 0:00:00]} Nf6 {[%emt 0:00:37]} 5. Nc3 {[%emt 0:00:00]} e5 {[%emt 0:00:07]} 6. Ndb5 {[%emt 0:00:04]} d6 {[%emt 0:00:07]} 7. Bg5 {[%emt 0:00:05]} a6 {[%emt 0:00:45]} 8. Na3 {[%emt 0:00:06]} b5 {[%emt 0:00:09]} 9. Nd5 {[%emt 0:00:06]} Be7 {[%emt 0:00:46]} 10. Bxf6 {[%emt 0:00:08]} Bxf6 {[%emt 0:00:02]} 11. c4 {[%emt 0:00:09]} Nd4 {[%emt 0:01:34]} 12. Bd3 {[%emt 0:08:35]} Bb7 {[%emt 0:05:38]} 13. O-O {[%emt 0:04:47]} Bxd5 {[%emt 0:01:29]} 14. cxd5 {[%emt 0:00:07]} O-O {[%emt 0:00:45]} 15. Nc2 {[%emt 0:00:07]} Nxc2 {[%emt 0:01:28]} 16. Qxc2 {[%emt 0:01:06]} Qb6 {[%emt 0:04:13]} 1/2-1/2

[Event "Asian Nation Cup Open 2018"]
[Site "Hamedan"]
[Date "2018.08.03"]
[Round "7"]
[White "Jumabayev, Rinat"]
[Black "Lu, Shanglei"]
[Result "0-1"]
[WhiteElo "2594"]
[BlackElo "2629"]
[Annotator "TA"]
[PlyCount "74"]
[EventDate "2018.07.27"]
[EventType "swiss"]
[EventCountry "IRI"]
[SourceTitle "playchess.com"]
[Source "ChessBase"]
[SourceQuality "1"]
[WhiteTeam "Kazakhstan"]
[BlackTeam "China"]
[WhiteTeamCountry "KAZ"]
[BlackTeamCountry "CHN"]

{[%evp 18,74,3,-18,-18,-8,-17,-21,-29,-26,-22,-29,-27,-37,-31,-26,-21,-27,-27,-27,0,0,0,-27,-23,-42,-45,-111,-120,-137,-116,-131,-45,-65,-58,-59,-66,-33,-9,-136,-46,-143,-136,-136,-136,-145,-142,-215,-138,-537,-540,-588,-579,-1054,-291,-459,-439,-29990,-29991]} 1. Nf3 Nf6 2. e3 d5 3. c4 e6 4. Nc3 c5 5. d4 Nc6 6. cxd5 Nxd5 7. Bd3 Be7 8. O-O O-O 9. Re1 b6 10. a3 {LiveBook: 8 Partien. D42: Damengambit (Verbesserte Tarrasch-Verteidigung)} (10. Nxd5 exd5 11. b3 Nb4 12. Bb1 Be6 13. Bb2 Rc8 14. h3 Bf6 15. Qd2 Nc6 16. Rc1 cxd4 17. exd4 Qd6 {½-½ (31) Kempinski,R (2615)-Kveinys,A (2541) Poland 2016}) 10... Nxc3 11. bxc3 Bb7 12. Qc2 $146 {Die Stellung ist ausgeglichen.} ({Vorgänger:} 12. Bb2 Qc7 13. e4 e5 14. d5 Na5 15. c4 Bf6 16. Nd2 Ba6 17. f4 Rfe8 18. Rc1 {1-0 (60) Vunder,A (2259)-Chernov,V (2046) St Petersburg 2007}) 12... g6 13. Bb2 Rc8 14. Qe2 Bf6 15. Rad1 Qe7 16. e4 Rfd8 17. Bb5 Bg7 18. h4 $1 {[%cal Bh2h4,Bh4h5][%mdl 32]} h6 19. h5 g5 20. e5 Qc7 21. Nh2 Ne7 22. f4 (22. Rc1 $1 $15) 22... gxf4 $17 23. Bd3 Kh8 24. Rf1 Nd5 (24... Rg8 $1 $17 {zielt auf ...Lxe5! ab.} 25. Ng4 Bf8 26. Rxf4 f5) 25. Ng4 $15 cxd4 26. cxd4 Rg8 $1 27. Rc1 Qb8 28. Bb1 ({Doch nicht} 28. Qe4 Nf6 $17) (28. Rxc8 $1 $11 Qxc8 29. Rf2) 28... Rxc1 (28... Bf8 $1 $17 {Und weiter mit ...Txc1 wäre nett.} 29. Be4 Rxc1 30. Rxc1 Qd8) 29. Rxc1 {[#]} (29. Bxc1 $15 Nc3 30. Qd3 Nxb1 31. Rxf4) 29... Bf8 $1 $17 {[%cal Bg7f8,Bf8e7,Be7g5,Bg5f4][%mdl 32] Droht stark ...Se3!} 30. Be4 Qd8 31. Bf3 Qh4 32. Nf2 (32. Nh2 $17) 32... Be7 33. Nd3 $2 {[%mdl 8192]} (33. Ng4 $17 {ist zäher.}) 33... Ba6 $19 34. Qe4 Qg3 35. Bc3 Ne3 $2 (35... Bxd3 36. Qxd3 Ne3) 36. Nxf4 {[#]} (36. Qxf4 $142 Bxd3 37. Qxe3 (37. Qxh6+ $2 Bh7 $19)) 36... Bg5 $1 {[%cal Rg5f4]} 37. Bd2 (37. Ng6+ $19 fxg6 38. Be1) 37... Bxf4 {Precision: Weiß = 40%, Schwarz = 69%.} 0-1

[Event "Asian Nation Cup Open 2018"]
[Site "Hamedan"]
[Date "2018.08.03"]
[Round "7"]
[White "Bai, Jinshi"]
[Black "Kostenko, Petr"]
[Result "0-1"]
[WhiteElo "2588"]
[BlackElo "2444"]
[Annotator "ChessBase"]
[PlyCount "82"]
[EventDate "2018.07.27"]
[EventType "swiss"]
[EventCountry "IRI"]
[SourceTitle "playchess.com"]
[Source "ChessBase"]
[SourceQuality "1"]
[WhiteTeam "China"]
[BlackTeam "Kazakhstan"]
[WhiteTeamCountry "CHN"]
[BlackTeamCountry "KAZ"]
[TimeControl "40/5400+30:1800+30"]

1. d4 {[%emt 0:00:00]} d5 {[%emt 0:00:00]} 2. c4 {[%emt 0:00:10]} dxc4 {[%emt 0:00:00]} 3. e3 {[%emt 0:00:33]} e5 {[%emt 0:00:14]} 4. Bxc4 {[%emt 0:00:09]} exd4 {[%emt 0:00:07]} 5. exd4 {[%emt 0:00:06]} Bd6 {[%emt 0:00:29]} 6. Nf3 {[%emt 0:01:18]} Nf6 {[%emt 0:00:09]} 7. Qe2+ {[%emt 0:01:28]} Qe7 {[%emt 0:00:10]} 8. Qxe7+ {[%emt 0:00:20]} Bxe7 {[%emt 0:00:06]} 9. O-O {[%emt 0:00:10]} O-O {[%emt 0:00:27]} 10. Re1 {[%emt 0:02:32]} Bd6 {[%emt 0:00:12]} 11. Bg5 {[%emt 0:01:22]} Nbd7 {[%emt 0:00:09]} 12. Nc3 {[%emt 0:00:09]} a6 {[%emt 0:00:08]} 13. a4 {[%emt 0:00:06]} h6 {[%emt 0:26:13]} 14. Bh4 {[%emt 0:00:07]} Bb4 {[%emt 0:00:03]} 15. Ne5 {[%emt 0:34:57]} Nxe5 {[%emt 0:01:23]} 16. dxe5 {[%emt 0:01:07]} Nh5 {[%emt 0:00:57]} 17. Rec1 {[%emt 0:17:20]} Bxc3 {[%emt 0:02:28]} 18. Rxc3 {[%emt 0:00:04]} g5 {[%emt 0:20:40]} 19. Bg3 {[%emt 0:00:10]} Re8 {[%emt 0:00:10]} 20. Rd1 {[%emt 0:08:09]} Bf5 {[%emt 0:01:06]} 21. h4 {[%emt 0:19:30]} gxh4 {[%emt 0:12:15]} 22. Bh2 {[%emt 0:00:27]} Rad8 {[%emt 0:00:43]} 23. Be2 {[%emt 0:01:45]} Rxd1+ {[%emt 0:02:47]} 24. Bxd1 {[%emt 0:00:03]} Ng7 {[%emt 0:00:06]} 25. Bf3 {[%emt 0:04:13]} Ne6 {[%emt 0:11:29]} 26. Rc4 {[%emt 0:02:13]} h3 {[%emt 0:00:22]} 27. g4 {[%emt 0:01:15]} Bd3 {[%emt 0:00:12]} 28. Rc3 {[%emt 0:01:05]} Rd8 {[%emt 0:00:04]} 29. Bg3 {[%emt 0:01:11]} c6 {[%emt 0:00:37]} 30. Kh2 {[%emt 0:00:17]} Ng5 {[%emt 0:02:06]} 31. Bh1 {[%emt 0:00:23]} Be4 {[%emt 0:00:53]} 32. Rb3 {[%emt 0:01:35]} Bxh1 {[%emt 0:00:26]} 33. Kxh1 {[%emt 0:00:03]} Rd4 {[%emt 0:01:44]} 34. Kh2 {[%emt 0:00:30]} Rxg4 {[%emt 0:00:30]} 35. f3 {[%emt 0:02:05]} Rc4 {[%emt 0:00:36]} 36. f4 {[%emt 0:00:33]} Rc2+ {[%emt 0:02:22]} 37. Kh1 {[%emt 0:00:04]} Ne6 {[%emt 0:00:21]} 38. Rd3 {[%emt 0:00:58]} Rxb2 {[%emt 0:01:17]} 39. f5 {[%emt 0:00:08]} Ng5 {[%emt 0:01:49]} 40. Re3 {[%emt 0:00:54]} Kf8 {[%emt 0:00:47]} 41. Bh4 {[%emt 0:09:28]} Rb4 {[%emt 0:01:06]} 0-1

[Event "Asian Nation Cup Open 2018"]
[Site "Hamedan"]
[Date "2018.08.03"]
[Round "7"]
[White "Idani, Pouya"]
[Black "Abdulwahhab, Ahmed Abdulsattar A"]
[Result "1-0"]
[WhiteElo "2583"]
[BlackElo "2290"]
[Annotator "ChessBase"]
[PlyCount "61"]
[EventDate "2018.07.27"]
[EventType "swiss"]
[EventCountry "IRI"]
[SourceTitle "playchess.com"]
[Source "ChessBase"]
[SourceQuality "1"]
[WhiteTeam "Iran"]
[BlackTeam "Iraq"]
[WhiteTeamCountry "IRI"]
[BlackTeamCountry "IRQ"]
[TimeControl "40/5400+30:1800+30"]

1. Nf3 {[%emt 0:00:32]} Nf6 {[%emt 0:01:00]} 2. c4 {[%emt 0:00:05]} g6 {[%emt 0:00:11]} 3. g3 {[%emt 0:00:03]} Bg7 {[%emt 0:00:05]} 4. Bg2 {[%emt 0:00:02]} O-O {[%emt 0:00:14]} 5. d4 {[%emt 0:00:03]} d6 {[%emt 0:00:37]} 6. O-O {[%emt 0:00:09]} Nc6 {[%emt 0:00:12]} 7. Nc3 {[%emt 0:00:04]} a6 {[%emt 0:00:05]} 8. b3 {[%emt 0:00:02]} Rb8 {[%emt 0:04:38]} 9. d5 {[%emt 0:00:08]} Na5 {[%emt 0:00:57]} 10. Bd2 {[%emt 0:00:04]} c5 {[%emt 0:00:30]} 11. dxc6 {[%emt 0:00:06]} Nxc6 {[%emt 0:00:17]} 12. Rc1 {[%emt 0:00:03]} Bf5 {[%emt 0:01:28]} 13. Ng5 {[%emt 0:00:28]} h6 {[%emt 0:01:33]} 14. Nge4 {[%emt 0:00:20]} Nxe4 {[%emt 0:00:17]} 15. Nxe4 {[%emt 0:00:04]} Qd7 {[%emt 0:00:42]} 16. Re1 {[%emt 0:08:00]} Rfc8 {[%emt 0:02:37]} 17. Bc3 {[%emt 0:01:10]} b5 {[%emt 0:03:04]} 18. Bxg7 {[%emt 0:00:06]} Kxg7 {[%emt 0:00:07]} 19. c5 {[%emt 0:00:54]} Qe6 {[%emt 0:03:33]} 20. Qc2 {[%emt 0:11:52]} Kh7 {[%emt 0:03:33]} 21. cxd6 {[%emt 0:01:02]} exd6 {[%emt 0:07:46]} 22. Qd3 {[%emt 0:04:25]} Nb4 {[%emt 0:02:52]} 23. Qxd6 {[%emt 0:06:52]} Nxa2 {[%emt 0:04:52]} 24. Rcd1 {[%emt 0:08:56]} Qxd6 {[%emt 0:03:10]} 25. Nxd6 {[%emt 0:02:50]} Rc5 {[%emt 0:08:32]} 26. Nxf5 {[%emt 0:01:51]} Rxf5 {[%emt 0:01:58]} 27. Rd7 {[%emt 0:00:12]} Kg7 {[%emt 0:00:41]} 28. e4 {[%emt 0:00:53]} Rc5 {[%emt 0:00:48]} 29. e5 {[%emt 0:00:04]} Nb4 {[%emt 0:01:34]} 30. e6 {[%emt 0:00:47]} Rf8 {[%emt 0:00:16]} 31. e7 {[%emt 0:00:37]} 1-0

[Event "Asian Nation Cup Open 2018"]
[Site "Hamedan"]
[Date "2018.08.03"]
[Round "7"]
[White "Kazhgaleyev, Murtas"]
[Black "Zhou, Jianchao"]
[Result "1/2-1/2"]
[WhiteElo "2575"]
[BlackElo "2621"]
[Annotator "TA"]
[PlyCount "32"]
[EventDate "2018.07.27"]
[EventType "swiss"]
[EventCountry "IRI"]
[SourceTitle "playchess.com"]
[Source "ChessBase"]
[SourceQuality "1"]
[WhiteTeam "Kazakhstan"]
[BlackTeam "China"]
[WhiteTeamCountry "KAZ"]
[BlackTeamCountry "CHN"]

{[%evp 15,32,27,41,19,40,18,21,0,12,14,24,0,-6,-83,-63,-94,-99,-108,-106]} 1. d4 Nf6 2. c4 e6 3. Nc3 d5 4. cxd5 exd5 5. Bg5 c6 6. e3 {[%cal Be2e3,Be3e4,Be4e5][%mdl 32]} Be7 7. Bd3 Bg4 8. f3 {D35: Damengambit (Abtauschvariante)} (8. Qb3 Qb6 9. Qc2 Bh5 10. Nge2 Bg6 11. Rb1 Bxd3 12. Qxd3 Na6 13. O-O O-O 14. Ng3 g6 15. b4 Nc7 {1-0 (55) Kovalenko,I (2684)-Khalifman,A (2617) Puhajarve 2016}) 8... Bh5 {LiveBook: 5 Partien} 9. Qd2 $146 ({Vorgänger:} 9. Bh4 Bg6 10. Bf2 Qb6 11. Rb1 Na6 12. a3 c5 13. Qa4+ Kf8 14. Bxg6 hxg6 15. Nge2 Rc8 16. dxc5 Bxc5 {1-0 (26) Elizarov,D (2334)-Bronnikov,K (2325) Sukhumi 2008}) 9... Bg6 10. Bxg6 {Weiß steht etwas besser.} hxg6 11. e4 Na6 12. O-O-O Nc7 13. e5 Nd7 {[%cal Bf6d7,Bd7b6,Bb6c4][%mdl 32]} 14. Be3 (14. Bxe7 $11 {hält das Gleichgewicht.} Qxe7 15. b3) 14... Nb6 15. Kb1 Nc4 16. Qd3 a5 {Precision: Weiß =  7%, Schwarz = 68%.} 1/2-1/2

[Event "Asian Nation Cup Open 2018"]
[Site "Hamedan"]
[Date "2018.08.03"]
[Round "7"]
[White "Firouzja, Alireza"]
[Black "Noah, A .H. Al-Ali"]
[Result "1-0"]
[WhiteElo "2561"]
[BlackElo "2289"]
[Annotator "ChessBase"]
[PlyCount "95"]
[EventDate "2018.07.27"]
[EventType "swiss"]
[EventCountry "IRI"]
[SourceTitle "playchess.com"]
[Source "ChessBase"]
[SourceQuality "1"]
[WhiteTeam "Iran"]
[BlackTeam "Iraq"]
[WhiteTeamCountry "IRI"]
[BlackTeamCountry "IRQ"]
[TimeControl "40/5400+30:1800+30"]

1. d4 {[%emt 0:00:00]} d5 {[%emt 0:10:19]} 2. Nf3 {[%emt 0:00:00]} Nf6 {[%emt 0:00:08]} 3. c4 {[%emt 0:00:00]} dxc4 {[%emt 0:00:04]} 4. e3 {[%emt 0:00:00]} a6 {[%emt 0:00:03]} 5. Bxc4 {[%emt 0:00:00]} c5 {[%emt 0:02:18]} 6. Qa4+ {[%emt 0:08:23]} Bd7 {[%emt 0:04:26]} 7. Qd1 {[%emt 0:03:34]} Nc6 {[%emt 0:12:33]} 8. O-O {[%emt 0:03:29]} b5 {[%emt 0:13:39]} 9. Be2 {[%emt 0:01:11]} e6 {[%emt 0:01:02]} 10. a3 {[%emt 0:01:51]} cxd4 {[%emt 0:01:13]} 11. exd4 {[%emt 0:00:06]} Qc7 {[%emt 0:08:09]} 12. Nc3 {[%emt 0:00:34]} Rd8 {[%emt 0:00:03]} 13. Bg5 {[%emt 0:01:33]} Be7 {[%emt 0:04:02]} 14. Rc1 {[%emt 0:00:58]} O-O {[%emt 0:01:14]} 15. Bd3 {[%emt 0:04:57]} Be8 {[%emt 0:05:38]} 16. Ne4 {[%emt 0:06:22]} Qb6 {[%emt 0:03:16]} 17. Nxf6+ {[%emt 0:02:27]} Bxf6 {[%emt 0:07:37]} 18. Bxf6 {[%emt 0:00:04]} gxf6 {[%emt 0:00:18]} 19. Qd2 {[%emt 0:00:04]} Kg7 {[%emt 0:12:14]} 20. Qf4 {[%emt 0:04:26]} Rg8 {[%emt 0:03:42]} 21. Qg4+ {[%emt 0:11:23]} Kf8 {[%emt 0:01:09]} 22. Qh4 {[%emt 0:00:01]} f5 {[%emt 0:03:14]} 23. Qxh7 {[%emt 0:03:14]} Nxd4 {[%emt 0:00:18]} 24. Qh6+ {[%emt 0:01:29]} Rg7 {[%emt 0:01:03]} 25. Ne5 {[%emt 0:05:53]} Kg8 {[%emt 0:00:30]} 26. Rfe1 {[%emt 0:00:40]} Nc6 {[%emt 0:01:34]} 27. Bxf5 {[%emt 0:05:51]} Nxe5 {[%emt 0:00:02]} 28. Rxe5 {[%emt 0:00:08]} Qd4 {[%emt 0:01:47]} 29. Re4 {[%emt 0:03:04]} Qxb2 {[%emt 0:00:49]} 30. Rh4 {[%emt 0:01:22]} Kf8 {[%emt 0:00:22]} 31. Rg4 {[%emt 0:04:30]} Bc6 {[%emt 0:00:02]} 32. Rf1 {[%emt 0:01:00]} exf5 {[%emt 0:02:15]} 33. Qh8+ {[%emt 0:01:03]} Ke7 {[%emt 0:00:02]} 34. Qxg7 {[%emt 0:00:31]} Qxg7 {[%emt 0:00:49]} 35. Rxg7 {[%emt 0:00:04]} f4 {[%emt 0:00:43]} 36. Re1+ {[%emt 0:00:42]} Kf8 {[%emt 0:00:44]} 37. Rg4 {[%emt 0:00:08]} Rd4 {[%emt 0:00:25]} 38. g3 {[%emt 0:01:16]} Ra4 {[%emt 0:00:11]} 39. Rxf4 {[%emt 0:02:56]} Rxa3 {[%emt 0:00:01]} 40. h4 {[%emt 0:00:12]} Bd7 {[%emt 0:01:27]} 41. h5 {[%emt 0:30:11]} Kg8 {[%emt 0:02:39]} 42. g4 {[%emt 0:00:00]} Rd3 {[%emt 0:00:07]} 43. Re7 {[%emt 0:00:00]} Be6 {[%emt 0:00:31]} 44. g5 {[%emt 0:00:00]} Rd5 {[%emt 0:06:41]} 45. g6 {[%emt 0:00:00]} Rg5+ {[%emt 0:00:03]} 46. Kf1 {[%emt 0:00:00]} Bc4+ {[%emt 0:00:06]} 47. Ke1 {[%emt 0:00:00]} Kf8 {[%emt 0:03:08]} 48. gxf7 {[%emt 0:00:00]} 1-0